000 00753nam a2200229Ii 4500
003 JO-AjNU
008 230605s9999||||xx |||||||||||||| ||und||
017 _a2008/7/2485
020 _a978-9957-499-46-4
040 _aJO-AjNU
_bara
_erda
_cJO-AjNU
041 _aara
050 1 4 _aHF5438.4.A7282.2009
100 3 _aعرفة،سيد سالم,
_eauthor
_929400
245 0 0 _aادارة المبيعات والبيع الشخصي
250 _aط1
264 3 1 _aعمان:دار الراية للنشر والتوزيع؛2009
300 _a178ص
336 _atext
_btxt
_2rdacontent
337 _aunmediated
_bn
_2rdamedia
338 _avolume
_bnc
_2rdacarrier
650 4 _aالتسويق-ادارة المبيعات-البيع الشخصي
_929401
999 _aA11527
_c15095
_d15095